| 000 | 00724nam a2200265Ia 4500 | ||
|---|---|---|---|
| 003 | OSt | ||
| 005 | 20221007110931.0 | ||
| 006 | a|||||r|||| 00| 0 | ||
| 007 | ta | ||
| 008 | 221006b |||||||| |||| 00| 0 eng d | ||
| 020 | _a8175040378 | ||
| 024 | _a22,179 | ||
| 037 | _cTextual | ||
| 040 |
_aLCO _cLCO _beng |
||
| 041 |
_2eng _aeng |
||
| 082 | _aZ3,193, P3 | ||
| 100 |
_aLeishman Frank _9708019 |
||
| 245 | 0 |
_aPolicing and the Media _b Facts, Fictions and Factions |
|
| 260 |
_aNew _bDelhi Lawman (India) Private Limited India _c2003 |
||
| 300 | _a168 | ||
| 650 | _aMEDIA | ||
| 700 | _a Mason Paul | ||
| 942 |
_hZ3,193, P3 _cTEXL |
||
| 999 |
_c1191742 _d1191742 |
||